Online
Catalog

Ética marxista / (Record no. 34915)

MARC details
000 -CABECERA
campo de control de longitud fija 00958nam a2200253 a 4500
001 - NÚMERO DE CONTROL
campo de control 000035424
005 - FECHA Y HORA DE LA ÚLTIMA TRANSACCIÓN
campo de control 20200930074331.0
008 - DATOS DE LONGITUD FIJA--INFORMACIÓN GENERAL
campo de control de longitud fija 111031s1966 mx 001 0 spa d
040 ## - FUENTE DE LA CATALOGACIÓN
Centro catalogador/agencia de origen DO-SdBNP
Lengua de catalogación spa
Centro/agencia transcriptor BNPHU
082 ## - NÚMERO DE LA CLASIFICACIÓN DECIMAL DEWEY
Número de clasificación 335.43
Número de documento/Ítem S558e
100 1# - ENTRADA PRINCIPAL--NOMBRE DE PERSONA
Nombre de persona Shishkin, A. F.
9 (RLIN) 61257
240 10 - TÍTULO UNIFORME
Título uniforme OchoBbI Mapkchctckoй ЗThkh
Lenguaje de la obra Español
245 10 - MENCIÓN DE TÍTULO
Título Ética marxista /
Mención de responsabilidad, etc. A. F. Shishkin ; traduccción Andrés Fierro Menu y Adolfo Sánchez Vásquez.
260 ## - PUBLICACIÓN, DISTRIBUCIÓN, ETC.
Lugar de publicación, distribución, etc. México :
Nombre del editor, distribuidor, etc. Grijalbo,
Fecha de publicación, distribución, etc. 1966.
300 ## - DESCRIPCIÓN FÍSICA
Extensión 511 p. ;
Dimensiones 22 cm.
500 ## - NOTA GENERAL
Nota general Título original en Ruso.
504 ## - NOTA DE BIBLIOGRAFÍA, ETC.
Nota de bibliografía, etc. Incluye referencias bibliográficas y notas al pie de las páginas.
500 ## - NOTA GENERAL
Nota general Incluye índice de nombres.
590 ## - NOTA LOCAL (RLIN)
Nota local Perteneció a la biblioteca personal de Juan Isidro Jimenes Grullón
650 #4 - PUNTO DE ACCESO ADICIONAL DE MATERIA--TÉRMINO DE MATERIA
Término de materia o nombre geográfico como elemento de entrada Ética comunista
9 (RLIN) 5959
700 12 - PUNTO DE ACCESO ADICIONAL--NOMBRE DE PERSONA
Nombre de persona Fierro Menu, Andrés,
Término indicativo de función/relación tr.
9 (RLIN) 61258
700 12 - PUNTO DE ACCESO ADICIONAL--NOMBRE DE PERSONA
Nombre de persona Sánchez Vásquez, Adolfo,
Término indicativo de función/relación tr.
9 (RLIN) 47153
910 ## - DATOS DE OPCIÓN DEL USUARIO (OCLC)
Datos de opción del usuario Validado. Control de calidad MFF
Holdings
Estado de retiro Estado de pérdida Restricciones de uso No para préstamo Código de colección Localización permanente Ubicación/localización actual Ubicación en estantería Fecha de adquisición Número de inventario Total de préstamos Signatura topográfica completa Código de barras Fecha visto por última vez Precio válido a partir de Tipo de ítem Koha Nota pública
      Excluido de préstamo Monografías: Libros y Folletos General General Depósito 31.10.2011 LF1   335.43 S558e 35424-10 25.06.2020 25.06.2020 No se presta Perteneció a la biblioteca personal de Juan Isidro Jimenes Grullón

Powered by Koha